| 000 | 00854nam a2200277Ia 4500 | ||
|---|---|---|---|
| 001 | Para_2299 | ||
| 003 | CHAP | ||
| 008 | 220125s1981 xx 000 0 und d | ||
| 010 | _a200785 | ||
| 040 | _cCHAP | ||
| 090 | _aPA FOLLETO 106 | ||
| 110 |
_aInstitutot Nacional de Investigaciones Agrícola; (México), CIAB _9165628 |
||
| 245 |
_aLogros y aportaciones de la investigación agrícola en el Estado de Jalisco / _c por INIA.CIAB |
||
| 260 |
_aMéxico : _b El Instituto |
||
| 300 | _a75 p. | ||
| 650 |
_aAgricultura _x investigación _x Jalisco _91637 |
||
| 650 |
_aAgricultura _x Jalisco _91714 |
||
| 650 |
_aJalisco _x agricultura _9137595 |
||
| 901 | _aPA FOLLETO 106 | ||
| 902 | _aA | ||
| 905 | _a0000001981 a 0000000000 00 | ||
| 910 | _a1981 | ||
| 942 | _cPARA | ||
| 942 |
_cPARA _d1 |
||
| 999 |
_c200785 _d200785 |
||